brawl stars voice line quiz - Statistics

General Stats
  • This quiz has been taken 5,961 times
  • The average score is 12 of 14
Answer Stats
Question Answer % Correct
fly like a eagle bo
97%
fire girl not actually line amber
96%
sweet dreams sandy
95%
base bubble bibi
91%
bulldozer bull
90%
#### and #### #### and also #### jacky
90%
I got the drip to make u slip lou
90%
Mr. p will be so happy gale
83%
nothing spike
81%
dehydration surge
80%
boom shelly
76%
I'm the boss of bosses crow
75%
danger danger nani
75%
Random Question which character owns c01+ crunch colt
49%
No matching quizzes found
Score Distribution
Percent of People with Each Score
Percentile by Number Answered
Your Score History
You have not taken this quiz